<?xml version="1.0" encoding="UTF-8"?>
<record
    xmlns:xsi="http://www.w3.org/2001/XMLSchema-instance"
    xsi:schemaLocation="http://www.loc.gov/MARC21/slim http://www.loc.gov/standards/marcxml/schema/MARC21slim.xsd"
    xmlns="http://www.loc.gov/MARC21/slim">

  <leader>01127nam a22001697a 4500</leader>
  <datafield tag="999" ind1=" " ind2=" ">
    <subfield code="c">25451</subfield>
    <subfield code="d">25451</subfield>
  </datafield>
  <datafield tag="020" ind1=" " ind2=" ">
    <subfield code="a">9788189963088</subfield>
  </datafield>
  <datafield tag="082" ind1=" " ind2=" ">
    <subfield code="a">294.5 </subfield>
    <subfield code="b">BHA-I</subfield>
  </datafield>
  <datafield tag="100" ind1=" " ind2=" ">
    <subfield code="a">Bhatt, S.R.</subfield>
  </datafield>
  <datafield tag="245" ind1=" " ind2=" ">
    <subfield code="a">Indian spirituality</subfield>
    <subfield code="b">: theory and praxis</subfield>
  </datafield>
  <datafield tag="260" ind1=" " ind2=" ">
    <subfield code="a">New Delhi</subfield>
    <subfield code="b">Indian Council of Philosophical Research</subfield>
    <subfield code="c">2018</subfield>
  </datafield>
  <datafield tag="300" ind1=" " ind2=" ">
    <subfield code="a">vi, 89p.</subfield>
  </datafield>
  <datafield tag="440" ind1=" " ind2=" ">
    <subfield code="a">Dissemination of knowledge series; 1</subfield>
  </datafield>
  <datafield tag="504" ind1=" " ind2=" ">
    <subfield code="a">Include Bibliography</subfield>
  </datafield>
  <datafield tag="520" ind1=" " ind2=" ">
    <subfield code="a">This is the first volume under ICPR's revived dissemination of knowledge series. It concisely talks about how to understand spirituality and its meaning in Indian context; the partnership of spirituality and science, and there by the need to make religion scientific and spiritualize science; nature and process of spiritual sadhna as it makes one an enlightened mind; bhakti yoga in Indian thought system; making devotion a household phenomenon and a social function; dharma as the overriding principle of Indian life and thought system; rajadharma as the Indian model of a welfare state that has a huge potential to have universal good etc.</subfield>
  </datafield>
  <datafield tag="650" ind1=" " ind2=" ">
    <subfield code="a">Philosophy</subfield>
    <subfield code="v">Dharma</subfield>
    <subfield code="v">Spirituality</subfield>
    <subfield code="v">Yoga</subfield>
  </datafield>
  <datafield tag="942" ind1=" " ind2=" ">
    <subfield code="2">ddc</subfield>
    <subfield code="c">BK</subfield>
  </datafield>
  <datafield tag="952" ind1=" " ind2=" ">
    <subfield code="0">0</subfield>
    <subfield code="1">0</subfield>
    <subfield code="4">0</subfield>
    <subfield code="7">0</subfield>
    <subfield code="a">NASSDOC</subfield>
    <subfield code="b">NASSDOC</subfield>
    <subfield code="d">2019-08-22</subfield>
    <subfield code="e">MS Secretariat</subfield>
    <subfield code="l">0</subfield>
    <subfield code="o">294.5  BHA-I</subfield>
    <subfield code="p">50465</subfield>
    <subfield code="r">2019-08-28 00:00:00</subfield>
    <subfield code="w">2019-08-22</subfield>
    <subfield code="y">BK</subfield>
  </datafield>
</record>
